Missing Word: Tom Petty Quiz Stats

 Plays Quiz Updated May 23, 2015

Challenge
Share
Tweet
Embed
Score 0/24 Timer 02:00
0 Plays Today
Song Missing Word % Correct
Don't Do Me Like ____That
89.9%
Don't Come ____ Here No MoreAround
87.6%
____ Fallin'Free
85.2%
I Won't ____ DownBack
83.6%
Change of ____Heart
78.8%
American ____Girl
77.8%
Mary Jane's Last ____Dance
77.1%
Here ____ My GirlComes
75.9%
Learning to ____Fly
72.2%
Needles and ____Pins
70.2%
____ Down a DreamRunnin'
65.1%
You Don't Know How It ____Feels
62.4%
Song Missing Word % Correct
A Face in the ____Crowd
60.2%
Jammin' ____Me
53.1%
I Need to ____Know
47%
____ to Her HeartListen
42.5%
A ____ in Love (It's Not Me)Woman
37.1%
You Got ____Lucky
29.3%
Saving ____Grace
27.3%
____ in the AirSomething
24.8%
Straight Into ____Darkness
18.5%
____ HighwayKings
14.8%
Make It ____ (Forget About Me)Better
11.5%
____ That's Rock n' RollAnything
10.2%

Today's Daily Dose

Missing Word
Biopics

Word Ladder
Food Idioms

Quick Pick
Diets

On This Day
December 18th II

You're not logged in!

Compare scores with friends on all Sporcle quizzes.
OR
Log In

You Might Also Like...

Show Comments

Extras

Top Quizzes Today


Score Distribution

Your Account Isn't Verified!

In order to create a playlist on Sporcle, you need to verify the email address you used during registration. Go to your Sporcle Settings to finish the process.

Report this User

Report this user for behavior that violates our Community Guidelines.

Details: